El gran salto de Chile: la historia económica y empresarial vista por Estrategia
Guardat en:
| Format: | Llibre |
|---|---|
| Idioma: | espanyol |
| Publicat: |
Santiago
Gestión
1994
|
| Matèries: | |
| Etiquetes: |
Afegir etiqueta
Sense etiquetes, Sigues el primer a etiquetar aquest registre!
|
MARC
| LEADER | 00000nam a2200000 a 4500 | ||
|---|---|---|---|
| 001 | UCY2033 | ||
| 003 | CL-VaPUC | ||
| 008 | 941006e19940000CL |||||||||||||||||spa|d | ||
| 082 | 0 | 4 | |a 330.9 |b GRA |2 21 |
| 245 | 1 | 3 | |a El gran salto de Chile: la historia económica y empresarial vista por Estrategia |
| 300 | |a 173 p | ||
| 942 | |c BK | ||
| 945 | |d 19941006 00:00:00 |a rbrito | ||
| 260 | |a Santiago |b Gestión |c 1994 | ||
| 650 | 0 | |a Desarrollo económico |9 259599 | |
| 650 | 7 | |a ECONOMIA GERENCIAL |2 CL-VaPUC |9 330102 | |
| 650 | 0 | |a Economía |9 255568 | |
| 583 | |a last modification |c 19941006 00:00:00 |k Rodrigo Vera | ||
| 999 | |c 230557 |d 230555 | ||
| 952 | |0 0 |1 0 |4 0 |6 330_900000000000000_GRA_1994 |7 0 |8 F |9 232925 |a BIBENE |b BIBENE |d 2019-11-15 |i 3032566 |o 330.9 GRA 1994 |p 3032566 |r 2025-01-15 |w 2019-11-15 |y BK_F |k ICO | ||
| 952 | |0 0 |1 0 |4 0 |6 330_900000000000000_GRA_1994 |7 0 |8 A |9 232926 |a BIBING |b BIBING |d 2019-11-15 |i 3032930 |o 330.9 GRA 1994 |p 3032930 |r 2025-01-20 |w 2019-11-15 |y BK |k TRA | ||